• 首页
  • 本馆介绍
  • 公告通知
  • 最新文献
  • 馆藏检索
  • 电子资源
  • 读者导购
  • 参考咨询
  • 我的图书馆
  • 登录
  • 详细信息显示
  • 放入我的书架
  • 预约/预借图书
  • 作者相关作品
  • 分类相关作品
  • 丛书相关作品
  • 出版社相关作品

书目信息

  • 表格格式
  • 工作单格式
  • 卡片格式
题名:
新冠肺炎中医心理防治与健康智慧
    
 
作者: 汪卫东 , 王健 主编
分册:  
出版信息: 北京   中国人口出版社  2021.1
页数: 107页
开本: 24cm
丛书名:
单 册:
中图分类: R229
科图分类:
主题词: 日冕形病毒--病毒病--肺炎--中医学--医学心理学
电子资源:
ISBN: 978-7-5101-7429-2
000 01123nam0 2200241 45
001 012001000609
005 20140819090935.0
010    @a978-7-5101-7429-2@dCNY59.80
100    @a20210521d2021 em y0chiy0110 ea
101 0  @achi
102    @aCN@b110000
105    @ay z 000yy
106    @ar
200 1  @a新冠肺炎中医心理防治与健康智慧@Axin guan fei yan zhong yi xin li fang zhi yu jian kang zhi hui@f汪卫东, 王健主编
210    @a北京@c中国人口出版社@d2021.1
215    @a107页@d24cm
330    @a本书用问答的形式对疫情期间公众的常见疑问进行了梳理,解读专业防护知识和中医心理应对策略。本书站在历史和文化的平台上,站在中华传统文化、中医学和中医心理学的角度,来审视这次疫情,把疫病防治过程、问题咨询只作为一个切入点,除交代一些中医学与中医心理学的具体理论、方法、技术以外,希望读者能够从中医学和中医心理学对新冠肺炎的防治中,得到某种启示,从中华传统文化、中医学和中医心理学中学到某些智慧。
606 0  @a日冕形病毒@x病毒病@x肺炎@x中医学@x医学心理学
690    @aR229@v5
701  0 @a汪卫东@Awang wei dong@4主编
701  0 @a王健@Awang jian@4主编
801    @aCN@bAHXH@c20210922
905    @b1359392-6@dR229@e568@f5
    
    新冠肺炎中医心理防治与健康智慧/汪卫东, 王健主编.-北京:中国人口出版社,2021.1
    107页;24cm
    
    
    ISBN 978-7-5101-7429-2:CNY59.80
    本书用问答的形式对疫情期间公众的常见疑问进行了梳理,解读专业防护知识和中医心理应对策略。本书站在历史和文化的平台上,站在中华传统文化、中医学和中医心理学的角度,来审视这次疫情,把疫病防治过程、问题咨询只作为一个切入点,除交代一些中医学与中医心理学的具体理论、方法、技术以外,希望读者能够从中医学和中医心理学对新冠肺炎的防治中,得到某种启示,从中华传统文化、中医学和中医心理学中学到某些智慧。
●
相关链接 在E读中查询图书 在五车中查询图书 在当当中查询图书 在豆瓣中查询图书


正题名:新冠肺炎中医心理防治与健康智慧     索取号:R229/568         预约/预借

序号 登录号 条形码 馆藏地/架位号 状态 备注
1 1359392   213593921   第二样本阅览室/ [索取号:R229/568] 在馆    
2 1359393   213593930   教育系资料室/ [索取号:R229/568] 在馆    
3 1359394   213593949   教育系资料室/ [索取号:R229/568] 在馆    
4 1359395   213593958   第三借阅区/ [索取号:R229/568] 在馆    
5 1359396   213593967   第三借阅区/ [索取号:R229/568] 在馆    
唐山师范学院图书馆 欢迎您!
大连网信软件有限公司© 版权所有